| 000 | 01119nam a22002417a 4500 | ||
|---|---|---|---|
| 005 | 20120112143825.0 | ||
| 008 | 120112t xxu||||| |||| 00| 0 mar d | ||
| 010 | _aMAR-22170 | ||
| 020 | _c330.00 | ||
| 035 | _aMR-14828 | ||
| 037 | _bDBAD/PUB | ||
| 040 |
_aDPL _bMR |
||
| 082 | _a891.463 | ||
| 100 |
_939079 _aवडमारे, राजेंद्र |
||
| 245 |
_aमहमेरू / _cराजेंद्र वडमारे |
||
| 246 |
_aMahameru _bby Rajendra Vadmare |
||
| 260 |
_aमाजलगाव _bमीरा बुक्स अँड पब्लिकेशन _c2011 |
||
| 270 |
_a'जिजाऊ ' कालीकनगर,नवीन स्टॅन्डसमोर, _bमाजलगाव |
||
| 300 |
_a336पृ _c22सेमी(अजिल्द) |
||
| 650 |
_aमराठी कादंबरी _xचरित्रात्मक _947922 |
||
| 942 |
_2ddc _cMR _mवडमा _h891.463 |
||
| 999 |
_c67160 _d67160 |
||